[Event "4NCL 2016-17"]
[Site "Telford ENG"]
[Date "2017.05.01"]
[Round "11.14"]
[White "Grandelius,N"]
[Black "Van Kampen,R"]
[Result "1/2-1/2"]
[WhiteElo "2646"]
[BlackElo "2640"]

1.d4 d5 2.c4 dxc4 3.e4 Nf6 4.e5 Nd5 5.Bxc4 Nb6 6.Bd3 Nc6 7.Be3 Nb4 8.Be4 f5
9.exf6 exf6 10.Nc3 f5 11.Bf3 N4d5 12.Bd2 Be6 13.Nh3 Be7 14.O-O O-O 15.Re1 Bf7
16.Nf4 Bf6 17.Ne6 Bxe6 18.Rxe6 c6 19.Qb3 Rf7 20.Nxd5 Nxd5 21.Bc3 Qd7 22.Rae1 Re7
23.Rxe7 Bxe7 24.Bxd5+ cxd5 25.Bd2 Bf6 26.Bf4 Bxd4 27.Rd1 Re8 28.g3 Bf6 29.Rxd5 Qe6
30.Rb5 Qxb3  1/2-1/2

[Event "Zonal 2.5 2017"]
[Site "Villa Martelli ARG"]
[Date "2017.05.01"]
[Round "2.6"]
[White "Real de Azua,E"]
[Black "Molina,PaS"]
[Result "1-0"]
[WhiteElo "2478"]
[BlackElo "2239"]

1.d4 d5 2.c4 dxc4 3.e4 e5 4.Nf3 exd4 5.Bxc4 Nc6 6.O-O Be6 7.Bb5 Bc5 8.b4 Bxb4
9.Qa4 Be7 10.Nxd4 Bd7 11.Nxc6 bxc6 12.Bxc6 Bxc6 13.Qxc6+ Kf8 14.Nc3 Bd6 15.Be3 Qe8
16.Qc4 Qe6 17.Qd3 Ne7 18.Nb5 a6 19.Nxd6 Qxd6 20.Qc2 Qe6 21.Qxc7 f6 22.Qb6 Kf7
23.Qxe6+ Kxe6 24.Rab1 Rhb8 25.Bf4 Rxb1 26.Rxb1 Rc8 27.Rb6+ Rc6 28.Rxc6+ Nxc6
29.Kf1 Kd7 30.Ke2 Nd8 31.Kd3 Kc6 32.Kc4 Ne6 33.Be3 h5 34.g3 g6 35.f3 f5 36.exf5 gxf5
37.h4 Kd6 38.Bd2 Nd8 39.Bf4+ Ke6 40.Kc5 Nf7 41.Kb6 Kd7 42.Kxa6 Kc6 43.a4 Nd8
44.Ka5 Ne6 45.Be3 Nc7 46.Bf2 Nd5 47.Bd4 f4 48.gxf4 Nxf4 49.Be3 Ne6 50.Kb4 Ng7
51.Kc4 Nf5 52.Bf2 Kd6 53.a5 Kc6 54.a6 Nd6+ 55.Kd3  1-0

[Event "Zonal 2.5 2017"]
[Site "Villa Martelli ARG"]
[Date "2017.05.02"]
[Round "3.33"]
[White "Arenas,S"]
[Black "Lopez,Ri"]
[Result "0-1"]
[WhiteElo "2127"]
[BlackElo "2027"]

1.d4 d5 2.c4 dxc4 3.e4 e5 4.Nf3 exd4 5.Qxd4 Qxd4 6.Nxd4 Bc5 7.Be3 a6 8.Bxc4 Nf6
9.f3 Nc6 10.Nc2 Nb4 11.Nxb4 Bxb4+ 12.Nd2 O-O 13.O-O-O Re8 14.a3 Bf8 15.g4 b5
16.Bb3 Bb7 17.g5 Nd5 18.Nf1 Nxe3 19.Nxe3 Bd6 20.Ng2 Rad8 21.h4 Be5 22.Kc2 c5
23.Bd5 Bxd5 24.Rxd5 Rxd5 25.exd5 Bd4 26.Re1 Kf8 27.Re4 Re5 28.Nf4 Ke7 29.b4 Rxe4
30.fxe4 c4 31.Ne2 Bf2 32.h5 Be3  0-1

[Event "14th Balagna Rapid Open"]
[Site "Balagna FRA"]
[Date "2017.05.07"]
[Round "8.4"]
[White "Podvin,Antoine"]
[Black "Skomorokhin,R"]
[Result "0-1"]
[WhiteElo "2048"]
[BlackElo "2396"]

1.d4 d5 2.c4 dxc4 3.e4 Nc6 4.Be3 e5 5.d5 Nce7 6.Bxc4 Ng6 7.Nc3 a6 8.a4 Bd6
9.Nge2 Nf6 10.O-O Ng4 11.Bd2 Qh4 12.h3 Nf6 13.Qc1 h6 14.f4 Bxh3 15.gxh3 Qxh3
16.Rf2 Ng4 17.Nd1 Nh4 18.Ra3 Bxa3 19.bxa3 Nxf2 20.Ne3 Nxe4 21.Qf1 Nf3+ 22.Qxf3 Qxf3
23.Bc1 exf4 24.Ng2 Qf2+ 25.Kh2 f3  0-1

[Event "Lviv Rapid Cup 2017"]
[Site "Lviv UKR"]
[Date "2017.05.08"]
[Round "3.10"]
[White "Vovk,Y"]
[Black "Borisenko,V"]
[Result "1-0"]
[WhiteElo "2600"]
[BlackElo "2288"]

1.d4 d5 2.c4 dxc4 3.e4 Nf6 4.e5 Nd5 5.Bxc4 Nb6 6.Bd3 Nc6 7.Ne2 Nb4 8.Be4 f5
9.exf6 exf6 10.Nbc3 Bd6 11.a3 Nc6 12.Qc2 Ne7 13.O-O f5 14.Bf3 O-O 15.Nf4 c6
16.Re1 Bxf4 17.Bxf4 Ng6 18.Qb3+ Kh8 19.Be5 Nh4 20.Ne2 f4 21.Nxf4 Bf5 22.Nh5 Rg8
23.Be4 Qg5 24.Ng3 Raf8 25.Rad1 Bxe4 26.Rxe4 Ng6 27.Rde1 Qd2 28.R4e2 Qg5 29.Ne4 Qh5
30.Bd6 Rd8 31.Re3 h6 32.Rh3 Qd5 33.Qe3 Rd7 34.Nf6 Rgd8 35.Rxh6+  1-0

[Event "TCh-FRA Top 12 2017"]
[Site "Chartres FRA"]
[Date "2017.05.18"]
[Round "1.4"]
[White "Van Wely,L"]
[Black "Dorfman,I"]
[Result "1-0"]
[WhiteElo "2663"]
[BlackElo "2560"]

1.d4 d5 2.c4 dxc4 3.e4 Nf6 4.e5 Nd5 5.Bxc4 Bf5 6.Qb3 c6 7.Nc3 e6 8.Qxb7 Nb6
9.Be2 Bb4 10.Nf3 O-O 11.Be3 f6 12.d5 cxd5 13.exf6 Qxf6 14.Bd4 Qe7 15.Qxe7 Bxe7
16.Ne5 N8d7 17.Nc6 Bf6 18.Bxf6 Rxf6 19.O-O Nc4 20.Bxc4 dxc4 21.Rfd1 Nc5 22.Ne5 Nd3
23.Nxc4 Nxf2 24.Kxf2 Bd3+ 25.Ke3 Bxc4 26.Rd6 Raf8 27.Rad1 Bf1 28.R1d2 h6
29.Ne4 Rg6 30.g3 Bc4 31.b3 Bf1 32.Rf2 Rxf2 33.Kxf2 Bh3 34.Ra6 Bf5 35.Ke3 e5
36.Rxa7 Rc6 37.Ra5 Rc2 38.h4 Kh7 39.Rxe5 Bxe4 40.Kxe4 Rxa2 41.Kd4 Rg2 42.Re3 Kg6
43.b4 Kf5 44.b5 Rd2+ 45.Kc5 Rc2+ 46.Kb4  1-0

[Event "TCh-FRA Top 12 2017"]
[Site "Chartres FRA"]
[Date "2017.05.19"]
[Round "2.3"]
[White "Van Wely,L"]
[Black "Stevic,H"]
[Result "1-0"]
[WhiteElo "2663"]
[BlackElo "2600"]

1.d4 d5 2.c4 dxc4 3.e4 e5 4.Nf3 Bb4+ 5.Nc3 exd4 6.Nxd4 Ne7 7.a3 Nbc6 8.axb4 Qxd4
9.Be3 Qxd1+ 10.Rxd1 Nxb4 11.Nb5 Na6 12.Bxc4 Nc6 13.f4 Be6 14.Be2 O-O 15.Kf2 f5
16.exf5 Bxf5 17.g4 Be4 18.Rhe1 Ncb4 19.Bc4+ Kh8 20.f5 c6 21.Nc3 Bd5 22.Nxd5 Nxd5
23.Bxd5 cxd5 24.Rxd5 h5 25.h3 Rf7 26.Red1 hxg4 27.hxg4 b6 28.Kf3 Kg8 29.Kf4 Re8
30.Rd8 Kf8 31.g5 Nc7 32.Rxe8+ Kxe8 33.g6 Re7 34.Rd2 Nb5 35.Bf2 Rc7 36.Kg5 Rc6
37.Bg3 Rc1 38.Be5 Rg1+ 39.Kf4 Rf1+ 40.Kg4 Rg1+ 41.Kf3 Rf1+ 42.Rf2 Rxf2+ 43.Kxf2 Kf8
44.Ke3 a5 45.Ke4 Na7 46.Kd5 a4 47.Bd4 Nb5 48.Bxb6 Ke7 49.Ke5 Kf8 50.Bc5+ Kg8
51.Kd5 Nc7+ 52.Kc6  1-0

[Event "ch-ISL 2017"]
[Site "Hafnarfjordur ISL"]
[Date "2017.05.20"]
[Round "9.2"]
[White "Stefansson,H"]
[Black "Kjartansson,Dav"]
[Result "1/2-1/2"]
[WhiteElo "2566"]
[BlackElo "2389"]

1.d4 d5 2.c4 dxc4 3.e4 Nf6 4.e5 Nd5 5.Bxc4 Nb6 6.Bd3 Nc6 7.Ne2 Bg4 8.f3 Be6
9.Nbc3 Qd7 10.Ne4 Bd5 11.Nc5 Qc8 12.a3 e6 13.Qc2 Bxc5 14.Qxc5 Qd7 15.Be3 a6
16.b4 Bc4 17.Be4 O-O-O 18.Rc1 Bd5 19.O-O Kb8 20.Rfd1 h6 21.Nf4 Ne7 22.Qc3 Qc6
23.Qe1 Qd7 24.Nd3 Na4 25.Bf2 Qb5 26.Rd2 Rc8 27.Qd1 Rhd8 28.Nb2 Nxb2 29.Rxb2 Qd7
30.a4 b6 31.Rc3 Bb7 32.a5 Nd5 33.Bxd5 Qxd5 34.b5 axb5 35.Rcb3 Bc6 36.Qc1 Be8
37.Qb1 Qb7 38.axb6 cxb6 39.h4 g6 40.Rb4 Rd5 41.Be3 h5 42.Qe1 Rc7 43.Kh2 Qc8
44.Qe2 Rc3 45.Ra2 Qd8 46.Bg5 Qc7 47.Qb2 Rd3 48.Qa1 Bc6 49.Rc2 Kb7 50.Ra2 Kb8
51.Rc2 Kb7 52.Ra2 Kb8  1/2-1/2

[Event "17th IPCA WCh 2017"]
[Site "Ruzomberok SVK"]
[Date "2017.05.28"]
[Round "1.9"]
[White "Tersinsev,Andrey"]
[Black "Petrov,Maksim"]
[Result "1-0"]
[WhiteElo "2122"]
[BlackElo "1654"]

1.d4 d5 2.c4 dxc4 3.e4 b5 4.a4 c6 5.axb5 cxb5 6.Nc3 a6 7.Nxb5 axb5 8.Rxa8 Bb7
9.Ra2 e6 10.Ne2 Nc6 11.f3 Na5 12.Nc3 Bb4 13.Kf2 Qb6 14.Be3 Ne7 15.Be2 O-O
16.Qc2 f5 17.d5 Bc5 18.Bxc5 Qxc5+ 19.Ke1 b4 20.Qa4 bxc3 21.Qxa5 Qxa5 22.Rxa5 cxb2
23.Kd2 exd5 24.exd5 Bxd5 25.Kc3 Rb8 26.Rb1 Rb3+ 27.Kc2 Re3 28.Bf1 Kf8 29.Rxb2 Rb3
30.Rc5 Rxb2+ 31.Kxb2 Kf7 32.Kc3 Ke6 33.Bxc4 Bxc4 34.Kxc4 Kd6 35.f4 g6 36.Ra5 Ke6
37.Kc5 h6 38.Ra8 Kf6 39.Kd6 g5 40.Rf8+  1-0

[Event "12th American Continental"]
[Site "Medellin COL"]
[Date "2017.06.13"]
[Round "6.75"]
[White "Parmet,D"]
[Black "Cardoso Cardoso,Jose Gabriel"]
[Result "1/2-1/2"]
[WhiteElo "1870"]
[BlackElo "2134"]

1.d4 d5 2.c4 dxc4 3.e4 e5 4.Nf3 exd4 5.Nxd4 Nf6 6.Nc3 Bc5 7.Be3 O-O 8.Bxc4 Ng4
9.O-O Qd6 10.e5 Qxe5 11.Nf3 Qh5 12.Bxc5 Qxc5 13.Qb3 Nc6 14.Rad1 Nf6 15.h3 Na5
16.Bxf7+ Kh8 17.Qa4 Bxh3 18.gxh3 Rxf7 19.Ne4 Qf5 20.Neg5 Rff8 21.Rfe1 Nc6
22.Qb3 Rab8 23.Nf7+ Rxf7 24.Qxf7 Qxf3  1/2-1/2

[Event "21st Cap Aurora Open 2017"]
[Site "Cap Aurora ROU"]
[Date "2017.06.25"]
[Round "2.3"]
[White "Cioara,A"]
[Black "Vlassis,G"]
[Result "1-0"]
[WhiteElo "2448"]
[BlackElo "2001"]

1.d4 d5 2.c4 dxc4 3.e4 Nc6 4.Be3 e5 5.d5 Nb8 6.Bxc4 Bd6 7.Nc3 a6 8.Nge2 Nf6
9.f3 Nbd7 10.Qd2 b5 11.Bd3 Bc5 12.Nc1 Qe7 13.Nb3 Bb6 14.a4 b4 15.Na2 Nc5
16.Nxc5 Bxc5 17.Bxc5 Qxc5 18.Rc1 Qa5 19.Qxb4 Qxb4+ 20.Nxb4 Rb8 21.Rxc7 O-O
22.Nc6 Ra8  1-0

[Event "Baltic Cup 2017"]
[Site "Darlowo POL"]
[Date "2017.06.28"]
[Round "5.3"]
[White "Shishkin,Va UKR"]
[Black "Sliwicka,Alicja"]
[Result "1-0"]
[WhiteElo "2454"]
[BlackElo "2164"]

1.d4 d5 2.c4 dxc4 3.e4 c5 4.d5 Nf6 5.Nc3 b5 6.e5 b4 7.exf6 bxc3 8.bxc3 Nd7
9.Bxc4 Nb6 10.Be3 exf6 11.Nf3 Bd6 12.Be2 O-O 13.c4 Bd7 14.O-O Na4 15.Qc2 Rb8
16.Rab1 Qc7 17.Rb3 Rfe8 18.Bd3 h6 19.Bh7+ Kh8 20.Bf5 Nb6 21.Bxd7 Qxd7 22.h3 f5
23.Rfb1 f4 24.Bd2 Qa4 25.Rc3 Qxc2 26.Rxc2 Re4 27.Rbc1 Na4 28.Ba5 Kg8 29.Kf1 Kf8
30.Nd2 Re7 31.Nb3 f5 32.Re1 Re4 33.f3 Rxe1+ 34.Bxe1 Ke7 35.Bf2 Kd7 36.Ke2 g5
37.Kd3 Re8 38.Re2 Rxe2 39.Kxe2 Kc7 40.Kd2 Nb2 41.Nxc5 Nxc4+ 42.Kd3 Ne5+ 43.Kc3 a5
44.Ne6+ Kd7 45.Bd4 Bb4+ 46.Kb3 Kd6 47.Bxe5+ Kxe5 48.Kc4 Kd6 49.Nd4 h5 50.Nxf5+ Ke5
51.Nd4 Be1 52.a4 Bd2 53.Ne6 Kf5 54.Kc5 Bb4+ 55.Kc6 Bc3 56.Nc5 g4 57.d6 gxf3
58.gxf3  1-0

[Event "TCh-EUR Senior +50 2017"]
[Site "Novi Sad SRB"]
[Date "2017.06.28"]
[Round "4.1"]
[White "Svensson,Hakan"]
[Black "Tesanovic,Rajko"]
[Result "0-1"]
[WhiteElo "2040"]
[BlackElo "1830"]

1.d4 d5 2.c4 dxc4 3.e4 c5 4.d5 e6 5.Nc3 exd5 6.Qxd5 Nd7 7.Bxc4 Qe7 8.Bg5 Ngf6
9.Bxf6 Nxf6 10.Bb5+ Nd7 11.O-O-O a6 12.Bxd7+ Qxd7 13.Nf3 Be7 14.Qe5 Qe6 15.Qxg7 Bf6
16.Qg3 Bxc3 17.bxc3 f6 18.Qd6 Rg8 19.Nh4 Qxd6 20.Rxd6 Ke7 21.Rb6 Rb8 22.Re1 Kf7
23.g3 Be6 24.a3 Rgd8 25.Rd1 Rxd1+ 26.Kxd1 Rd8+ 27.Kc2 Bc4 28.Rxb7+ Ke6 29.Rb6+ Kf7
30.Rb7+ Ke6 31.Rb6+ Kf7 32.f3 Bd3+ 33.Kb3 Be2 34.Rb7+ Kg8 35.Rb6 Kf7 36.Rb7+ Kg8
37.Rb6 Kf7 38.f4 Rd1 39.Rb7+ Ke6 40.Rb6+ Kf7 41.Rb7+ Ke6 42.Rxh7 Bd3 43.f5+ Kd6
44.e5+ fxe5 45.Rh6+ Kd5  0-1

[Event "25th Montcada Open 2017"]
[Site "Montcada i Reixac ESP"]
[Date "2017.06.29"]
[Round "4.4"]
[White "Oliva,K"]
[Black "Perpinya Rofes,L"]
[Result "0-1"]
[WhiteElo "2498"]
[BlackElo "2352"]

1.d4 d5 2.c4 dxc4 3.e4 b5 4.a4 c6 5.axb5 cxb5 6.b3 e5 7.d5 Nf6 8.f3 Nxe4
9.fxe4 Qh4+ 10.Ke2 Bc5 11.Be3 Bxe3 12.Kxe3 Qf4+ 13.Ke2 Bg4+ 14.Nf3 f5 15.d6 Nd7
16.Nc3 fxe4 17.Qd5 exf3+ 18.gxf3 Nb6 19.Qb7 Qf6 20.fxg4 O-O 21.Qg2 Qxd6 22.bxc4 Qb4
23.Nd1 Rad8 24.Ra2 Nxc4  0-1

[Event "45th Annual World Open"]
[Site "Philadelphia USA"]
[Date "2017.07.01"]
[Round "2.17"]
[White "Chua,Al"]
[Black "Erenburg,S"]
[Result "1/2-1/2"]
[WhiteElo "2300"]
[BlackElo "2550"]

1.d4 d5 2.c4 dxc4 3.e4 e5 4.Nf3 Bb4+ 5.Nc3 exd4 6.Nxd4 Nd7 7.Bxc4 Ngf6 8.O-O O-O
9.f3 Ne5 10.Be2 Bc5 11.Be3 Nc6 12.Nf5 Bxe3+ 13.Nxe3 Be6 14.Qxd8 Rfxd8 15.Rfd1 Nd4
16.Bc4 c5 17.Bxe6 fxe6 18.a4 Kf7 19.Nc4 Ke7 20.Kf2 Ne8 21.e5 b6 22.Nb5 Nc6
23.f4 Rab8 24.Rxd8 Rxd8 25.Ra3 Rd1 26.Rh3 h6 27.Rg3 Kf8 28.Rg6 Ne7 29.Rxe6 Kf7
30.Rxe7+ Kxe7 31.Nxa7 Ke6 32.f5+ Kd7 33.Nxb6+ Kd8 34.Nc4 Rc1 35.Nc6+ Kd7
36.N6a5 Rc2+ 37.Kf3 Nc7 38.Nb6+ Kd8 39.b3 Rc3+ 40.Ke4 Rc2 41.g4 Rxh2 42.Nb7+ Ke8
43.Nxc5 h5 44.gxh5 Rh4+ 45.Kd3 Rxh5 46.Nc8 Rh1 47.Ne4 Kd7 48.Ncd6 Kc6 49.Kc4 Rc1+
50.Kb4 Kd5 51.f6 Ne6 52.fxg7 Nxg7 53.Nf2 Rf1 54.Nd3 Kd4 55.Nc5 Kxe5 56.Nc4+ Kd4
57.a5 Ra1 58.Na4 Ne6 59.Kb5 Nc7+ 60.Kb6 Nd5+ 61.Kb7 Nb4 62.a6 Rh1 63.a7 Rh7+
64.Kb6 Nd5+ 65.Ka6 Nc7+ 66.Ka5 Na8  1/2-1/2

[Event "Panevezys Open 2017"]
[Site "Panevezys LTU"]
[Date "2017.07.04"]
[Round "3.11"]
[White "Lazaravicius,Aras Jonas"]
[Black "Sibajeva,Marija"]
[Result "1/2-1/2"]
[WhiteElo "1899"]
[BlackElo "1843"]

1.d4 d5 2.c4 dxc4 3.e4 Nc6 4.d5 Ne5 5.Bf4 Ng6 6.Bg3 e5 7.Bxc4 Nf6 8.Nc3 Bd6
9.Bb5+ Bd7 10.Bxd7+ Qxd7 11.Nf3 O-O 12.O-O h6 13.Rc1 Qe7 14.Nh4 Nxh4 15.Bxh4 g5
16.Bg3 Nd7 17.Qg4 f5 18.exf5 Qf7 19.Rfd1 a6 20.Ne4 Nf6 21.Nxf6+ Qxf6 22.Re1 Qxf5
23.Qxf5 Rxf5 24.Re4 Re8 25.Rce1 Re7 26.h3 Rf8 27.h4 Rfe8 28.hxg5 hxg5 29.Rg4 Rg7  1/2-1/2

[Event "67th ch-RUS HL w 2017"]
[Site "Sochi RUS"]
[Date "2017.07.04"]
[Round "3.7"]
[White "Baraeva,M"]
[Black "Belenkaya,D"]
[Result "0-1"]
[WhiteElo "2169"]
[BlackElo "2323"]

1.d4 d5 2.c4 dxc4 3.e4 Nf6 4.e5 Nd5 5.Bxc4 Nb6 6.Bd3 Nc6 7.Ne2 Bg4 8.f3 Be6
9.Nbc3 Qd7 10.Ne4 Bd5 11.Nc5 Qc8 12.a3 e6 13.Qc2 Bxc5 14.Qxc5 Qd7 15.Bd2 Qe7
16.Qxe7+ Nxe7 17.Kf2 Bc4 18.Be4 O-O-O 19.Bg5 Rd7 20.Rhd1 Ned5 21.Rac1 h6
22.Bd2 Rhd8 23.Ng3 Bb3 24.Re1 Nc4 25.Bc3 Nf4 26.Ne2 Nxe2 27.Rxe2 Nb6 28.h4 Bc4
29.Ree1 Na4 30.Ke3 Kb8 31.h5 Bd5 32.Bd3 a6 33.Rh1 c5 34.Rh4 Bb3 35.Bc2 Nxc3
36.Bxb3 cxd4+ 37.Kd3 Nd5 38.Bxd5 Rxd5 39.Re1 Rc8 40.Rg4 Rb5 41.b4 Rc3+ 42.Kxd4 Rxa3
43.Rxg7 Rxb4+ 44.Kc5 Rf4 45.Kd6 Rc3 46.Rh7 b5 47.Rxh6 Rc7 48.Rh8+ Kb7 49.Rd1 Rfc4  0-1

[Event "Zonal 3.1 Women 2017"]
[Site "Tehran IRI"]
[Date "2017.07.04"]
[Round "5.9"]
[White "Mahdian,Anousha"]
[Black "Saeidpour,M"]
[Result "1-0"]
[WhiteElo "1941"]
[BlackElo "1872"]

1.d4 d5 2.c4 dxc4 3.e4 Nf6 4.Nc3 e5 5.d5 b5 6.Nxb5 Bb4+ 7.Bd2 Bxd2+ 8.Qxd2 O-O
9.Nc3 Ba6 10.Nf3 Re8 11.Be2 Nbd7 12.b4 Nb6 13.a4 Qe7 14.Rb1 Rad8 15.b5 Bb7
16.a5 Nbxd5 17.exd5 e4 18.Nd4 e3 19.fxe3 Nxd5 20.Nxd5 Bxd5 21.O-O Bxg2 22.Kxg2 Qg5+
23.Kh1 Rxe3 24.Rf3 Qg6 25.Rg1  1-0

[Event "VMCG GM 2017"]
[Site "Lueneburg GER"]
[Date "2017.07.10"]
[Round "3.2"]
[White "Trent,L"]
[Black "Karpatchev,A"]
[Result "0-1"]
[WhiteElo "2445"]
[BlackElo "2501"]

1.d4 d5 2.c4 dxc4 3.e4 e5 4.Nf3 exd4 5.Bxc4 Nc6 6.O-O Be6 7.Bxe6 fxe6 8.Qb3 Qd7
9.Qxb7 Rb8 10.Qa6 Bd6 11.Nbd2 Nge7 12.Nb3 e5 13.Bg5 O-O 14.Bxe7 Nxe7 15.Ne1 Ng6
16.Nd3 Qg4 17.f3 Qg5 18.Qc4+ Kh8 19.Qc1 Qh5 20.Rf2 Be7 21.f4 exf4 22.Qxc7 Rbc8
23.Qa5 Qg4 24.Nd2 Bh4 25.Rf3 Bd8 26.Qa4 Bb6 27.Raf1 h6 28.Kh1 Qg5 29.Rh3 f3
30.Nxf3 Qe3 31.Qd1 Qxe4 32.Re1 Qf5 33.Rg3 Rce8 34.Rxe8 Rxe8 35.Ng1 Re3 36.Rf3 Qe6
37.b3 Nh4 38.Rf8+ Kh7 39.Rf2 Qe4 40.Nb2 Re1 41.Qd3 Qxd3 42.Nxd3 Rd1 43.Nb2 Rb1
44.Nd3 Ng6 45.g3 Rd1 46.Nb2 Ra1 47.Nd3 Ne7 48.Kg2 Nd5 49.Nf3 Nc3 50.a4 Nd1
51.Rd2 Ne3+ 52.Kh3 a5 53.Nde5 Rb1 54.Rd3 Rb2 55.Nd7 Ba7 56.g4 g5 57.Nd2 Rc2
58.Ne5 Kg7 59.Ne4 Rb2 60.Ng3 Nd5 61.Nh5+ Kg8 62.Nc6 Bb6 63.Kg3 Kf7 64.h3 Ke6
65.Nxd4+ Bxd4 66.Rxd4 Rxb3+ 67.Kg2 Ke5 68.Rd2 Ra3 69.Re2+ Kd6 70.Re4 Rb3
71.Ng3 Nf4+ 72.Kh2 Rb2+ 73.Kh1 Nxh3 74.Nf5+ Kd5 75.Re8 Nf2+ 76.Kg1 Nxg4 77.Ra8 Ke4
78.Rxa5 Kf4 79.Rc5 h5 80.Ng7 Rb1+ 81.Kg2 Ne3+ 82.Kh2 Rb2+ 83.Kh1 Rb1+ 84.Kh2 Kg4
85.Rc3 Rb2+ 86.Kg1 Nd5 87.Rc4+ Nf4 88.Ne6 Ra2 89.Kh1 h4 90.Kg1 h3 91.Nxf4 gxf4
92.Rc8 Rxa4 93.Rg8+ Kf3 94.Kh2 Ra7 95.Rb8 Re7 96.Rb3+ Kf2 97.Rb2+ Re2 98.Rb3 Ke1+
99.Kg1 Rg2+ 100.Kh1 Rg3 101.Rb1+ Kd2 102.Rb2+ Kc3 103.Rf2 f3 104.Ra2 Kb3
105.Rf2 Kc4 106.Ra2 Rg8 107.Ra4+ Kd3 108.Ra3+ Ke2 109.Ra2+ Ke3 110.Ra3+ Kf4
111.Ra4+ Kg3 112.Ra7 Re8 113.Rg7+ Kf2 114.Ra7 Rf8 115.Kh2 Re8 116.Ra2+ Re2
117.Ra3 Kf1+ 118.Kg3 f2 119.Kh2 Rd2 120.Re3 Rd8 121.Re7 Rd2 122.Re3 Rd1 123.Re8 Re1
124.Ra8 Ke2  0-1

[Event "TCh-CHN B 2017"]
[Site "Qinhuangdao CHN"]
[Date "2017.07.12"]
[Round "5.2"]
[White "Zhu,Yi"]
[Black "Popov,Iv RUS"]
[Result "1/2-1/2"]
[WhiteElo "2378"]
[BlackElo "2608"]

1.d4 d5 2.c4 dxc4 3.e4 e5 4.Nf3 exd4 5.Qxd4 Qxd4 6.Nxd4 Nf6 7.Nc3 Bc5 8.Be3 Ng4
9.Nd5 Na6 10.Bxc4 Nxe3 11.fxe3 c6 12.Bxa6 cxd5 13.Bb5+ Ke7 14.exd5 Bxd4 15.exd4 Bd7
16.Bxd7 Kxd7 17.Rf1 Rhe8+ 18.Kd2 f6  1/2-1/2

[Event "ch-SWE 2017"]
[Site "Stockholm SWE"]
[Date "2017.07.12"]
[Round "6.5"]
[White "Smith,Ax"]
[Black "Westerberg,J"]
[Result "1/2-1/2"]
[WhiteElo "2505"]
[BlackElo "2469"]

1.d4 d5 2.c4 dxc4 3.e4 e5 4.Nf3 exd4 5.Bxc4 Nc6 6.O-O Bc5 7.Nbd2 Bb6 8.Bb5 Ne7
9.Nc4 O-O 10.b3 Bg4 11.Bb2 Bc5 12.Rc1 a6 13.Bxc6 Nxc6 14.Na5 Nxa5 15.Rxc5 Nc6
16.h3 Qe7 17.Ba3 Bxf3 18.Qxf3 b6 19.Rxc6 Qxa3 20.Rxc7 Qxa2 21.Rfc1 Rad8 22.Qd3 Qa5
23.f4 Rfe8 24.Kh2 Qh5 25.R7c6 Qh4 26.g3 Qe7 27.e5 Qb4 28.Rd1 Rd7 29.Rc4 Qb5
30.Rxd4 Qxd3 31.R1xd3 Rxd4 32.Rxd4 f6 33.Rd6 fxe5 34.Rxb6 exf4 35.gxf4 Re3
36.Kg2 Kf7 37.b4 Ra3 38.b5 axb5 39.Rxb5 Kf6 40.Rb6+ Kf5  1/2-1/2

[Event "6th MTS Logistics 2017"]
[Site "Izmir TUR"]
[Date "2017.07.13"]
[Round "10.9"]
[White "Guseynov,A"]
[Black "Dedebas,Emre Emin"]
[Result "1/2-1/2"]
[WhiteElo "2352"]
[BlackElo "2322"]

1.d4 d5 2.c4 dxc4 3.e4 Nf6 4.e5 Nd5 5.Bxc4 Nb6 6.Bd3 Nc6 7.Ne2 Bg4 8.Be3 e6
9.Nbc3 Be7 10.O-O Qd7 11.a3 Rd8 12.Be4 Bf5 13.Bxf5 exf5 14.Qc2 f4  1/2-1/2

[Event "16th Bergamo Open 2017"]
[Site "Bergamo ITA"]
[Date "2017.07.15"]
[Round "3.6"]
[White "Brunello,S"]
[Black "Vezzosi,P"]
[Result "1-0"]
[WhiteElo "2572"]
[BlackElo "2332"]

1.d4 d5 2.c4 dxc4 3.e4 Nc6 4.Nf3 Bg4 5.d5 Ne5 6.Bf4 Ng6 7.Be3 e5 8.Nbd2 Nf6
9.Bxc4 Bd6 10.Qb3 O-O 11.O-O Bxf3 12.Nxf3 Nxe4 13.Qxb7 f5 14.Rfe1 Kh8 15.Qc6 f4
16.Bd2 Ng5 17.Bd3 Nxf3+ 18.gxf3 Nh4 19.Be4 Rf6 20.Rac1 Rb8 21.b3 Rg6+ 22.Kf1 Rg2
23.Ke2 Qg5 24.Rf1 Nf5 25.Kd3 Nd4 26.Qd7 Qh6 27.Ba5 Rg6 28.Bxc7 Rf8 29.Bxd6 Rxd6
30.Rc8 Qf6 31.Rxf8+ Qxf8 32.Qxa7 Rd8 33.Rc1 Nf5 34.Rc7 Nd6 35.Qc5  1-0

[Event "28th Czech Rapid G1 2017"]
[Site "Pardubice CZE"]
[Date "2017.07.19"]
[Round "1.37"]
[White "Matviishen,Viktor"]
[Black "Chalus,K"]
[Result "1-0"]
[WhiteElo "2404"]
[BlackElo "2077"]

1.d4 d5 2.c4 dxc4 3.e4 b5 4.a4 b4 5.Bxc4 a5 6.Nf3 e6 7.O-O Nf6 8.Bg5 Be7
9.Nbd2 h6 10.Bh4 O-O 11.Qc2 Bb7 12.Rac1 Nbd7 13.Ba2 Rc8 14.Bb1 g6 15.e5 Nd5
16.Bxe7 Qxe7 17.Ne4 Kg7 18.h4 Ba6 19.Rfe1 Nf4 20.Qd2 Nd5 21.h5 c5 22.Nd6 Rc6
23.hxg6 fxg6 24.Re4 h5 25.dxc5 Rxc5 26.Nd4 Rxc1+ 27.Qxc1 Rb8 28.Nc6 Qf8 29.Nxb8 Qxb8
30.Qg5 Qh8 31.Rf4 Nxf4 32.Qe7+ Kh6 33.Nf7+  1-0

[Event "45th Sparkassen Open"]
[Site "Dortmund GER"]
[Date "2017.07.21"]
[Round "7.15"]
[White "Meiser,M"]
[Black "Stevens,Titus"]
[Result "1-0"]
[WhiteElo "2145"]
[BlackElo "1841"]

1.d4 d5 2.c4 dxc4 3.e4 Nc6 4.d5 Ne5 5.Bf4 Ng6 6.Be3 Nf6 7.Nc3 e5 8.Bxc4 Be7
9.h4 Qd6 10.Bb5+ Bd7 11.Bxd7+ Nxd7 12.g3 h5 13.Nf3 O-O 14.O-O Nf6 15.Rc1 Ng4
16.Bd2 Rac8 17.Nh2 Nf6 18.Bg5 Qb4 19.Bxf6 Bxf6 20.Rc2 c6 21.Qxh5 cxd5 22.Nxd5 Qxe4
23.Nxf6+ gxf6 24.Rxc8 Rxc8 25.Ng4 Qc6 26.Qf5 Kg7 27.Nxf6 Qc2 28.Nh5+ Kf8
29.Qd7 Qc6 30.Rd1 Ne7 31.Qxc6 Nxc6 32.Rd7  1-0

[Event "35th Andorra Open 2017"]
[Site "Escaldes AND"]
[Date "2017.07.22"]
[Round "1.25"]
[White "Zanan,E"]
[Black "Elguezabal Selioutin,Dario"]
[Result "1-0"]
[WhiteElo "2428"]
[BlackElo "1871"]

1.d4 d5 2.c4 dxc4 3.e4 e5 4.Nf3 exd4 5.Bxc4 Nc6 6.O-O Be6 7.Bb5 Bc5 8.b4 Bb6
9.a4 a6 10.Bxc6+ bxc6 11.a5 Ba7 12.Bb2 Qe7 13.Qc1 c5 14.Nxd4 Nf6 15.Nc6 Qd7
16.Nxa7 Rxa7 17.Qxc5 Rb7 18.Nc3 Qd6 19.Qxd6 cxd6 20.Ba3 O-O 21.f3 Rc8 22.Ne2 d5
23.e5 Nd7 24.f4 Bg4 25.Rfc1 Rbc7 26.Nd4 Rxc1+ 27.Bxc1 Rc4 28.Be3 g5 29.b5 gxf4
30.Bf2 Nxe5 31.bxa6 Rc8 32.a7 Nd3 33.Nc6 Ra8 34.Rb1  1-0

[Event "43rd Sitges Open 2017"]
[Site "Sitges ESP"]
[Date "2017.07.22"]
[Round "1.19"]
[White "Eriksson,Mag2"]
[Black "Chueca Forcen,A"]
[Result "0-1"]
[WhiteElo "2041"]
[BlackElo "2361"]

1.d4 d5 2.c4 dxc4 3.e4 Nf6 4.e5 Nd5 5.Bxc4 Nb6 6.Bd3 Nc6 7.Ne2 Bg4 8.f3 Bh5
9.Nbc3 e6 10.Be3 Qd7 11.Rc1 Bg6 12.Ne4 Nb4 13.Bb1 N4d5 14.Bf2 Bb4+ 15.N2c3 Nxc3
16.bxc3 Ba3 17.Rc2 Qc6 18.O-O O-O-O 19.c4 Kb8 20.Qe2 f6 21.exf6 gxf6 22.Rc3 Be7
23.Rfc1 Na4 24.Rb3 f5 25.Ng3 Bf6 26.Rd1 h5 27.Nf1 h4 28.Bc2 h3 29.Ng3 Ka8
30.Ra3 Nb6 31.c5 Nd5 32.Ba4 Nc3 33.Bxc6 Nxe2+ 34.Nxe2 bxc6 35.Nf4 Bf7 36.Rdd3 Rb8
37.Rd1 hxg2 38.Kxg2 Rhd8 39.Re1 Rb2 40.Nd3 Rc2 41.Nb4 Rg8+ 42.Kf1 Rxf2+ 43.Kxf2 Bxd4+
44.Ke2 Bxc5 45.Ra4 Rg2+ 46.Kd3 Kb7 47.Re5 Bb6 48.h4 Rf2 49.Na6 Rxf3+ 50.Kd2 Rf2+
51.Kd3 f4 52.Nc5+ Kc8 53.h5 Rf3+ 54.Ke2 Rf2+ 55.Kd3 Rf3+ 56.Kd2 Re3 57.Rg5 e5
58.h6 Bxc5 59.h7 Rh3 60.Rg8+ Kb7 61.h8=Q Rxh8 62.Rxh8 f3 63.Rh7 Bd5 64.Rhh4 f2
65.Ke2 e4 66.Rhxe4 Bxe4 67.Rxe4 Kb6 68.Rg4 Kb5 69.a4+ Ka5 70.Rc4 Kb6 71.Re4 Ka6
72.Rc4 Kb6 73.Re4 Kb7 74.Rc4 Bb6 75.Re4 Ka6 76.Rc4 Ka5 77.Kf1 Be3 78.Ke2 c5
79.Kf1 Bd4 80.Ke2 Kb6 81.Rc1 Kc6 82.Rh1 c4 83.Rh5 Kd6 84.Rf5 c5 85.Rf7 a5
86.Rf5 c3 87.Kd3 Ke6 88.Rf8 Bf6  0-1

[Event "43rd Sitges Open 2017"]
[Site "Sitges ESP"]
[Date "2017.07.22"]
[Round "1.2"]
[White "Volkov,Sergey1"]
[Black "Draghici Flutur,G"]
[Result "1-0"]
[WhiteElo "2627"]
[BlackElo "2119"]

1.d4 d5 2.c4 dxc4 3.e4 Nc6 4.Nf3 Bg4 5.d5 Ne5 6.Bf4 Ng6 7.Be3 Nf6 8.Bxc4 e5
9.Nbd2 Bd6 10.O-O O-O 11.Re1 Nh5 12.h3 Bxf3 13.Nxf3 Nhf4 14.g3 f5 15.exf5 Nxh3+
16.Kg2 Nxf2 17.Bxf2 Rxf5 18.Bd3 Rf6 19.Bxg6 hxg6 20.Qd3 Qf8 21.Re2 Re8 22.Ng5 Rf5
23.Ne4 a6 24.g4 Rf4 25.Qh3 Qf7 26.Bg3 Qxd5 27.Bxf4 exf4 28.Qb3  1-0

[Event "Xtracon Chess Open 2017"]
[Site "Helsingor DEN"]
[Date "2017.07.23"]
[Round "2.104"]
[White "Guindy,E"]
[Black "Nielsen,Bjorn"]
[Result "1-0"]
[WhiteElo "2158"]
[BlackElo "1353"]

1.d4 d5 2.c4 dxc4 3.e4 e5 4.Nf3 exd4 5.Qxd4 Qxd4 6.Nxd4 c5 7.Nb5 Na6 8.Bxc4 Bd7
9.N1c3 Be7 10.Nd5 Bxb5 11.Bxb5+ Kd8 12.Bf4 Nf6 13.O-O-O Nxd5 14.Rxd5+ Kc8
15.Rhd1 Nc7 16.Bxc7 Kxc7 17.Rd7+ Kc8 18.Rxe7 Rd8 19.Rxd8+ Kxd8 20.Re8+ Kc7
21.Rxa8  1-0

[Event "Xtracon Chess Open 2017"]
[Site "Helsingor DEN"]
[Date "2017.07.23"]
[Round "2.162"]
[White "Jarve,Edvin"]
[Black "Joensen,Sigurd"]
[Result "1-0"]
[WhiteElo "1843"]
[BlackElo "1567"]

1.d4 d5 2.c4 dxc4 3.e4 e6 4.Bxc4 c6 5.Nf3 h6 6.O-O Nf6 7.Nc3 Bb4 8.Re1 O-O
9.a3 Ba5 10.Bf4 Bc7 11.Qd2 Bxf4 12.Qxf4 Nbd7 13.Rad1 Nb6 14.Ba2 Nh7 15.e5 Nd5
16.Qd2 a6 17.Ne4 Kh8 18.Bb1 f5 19.exf6 Nhxf6 20.Ne5 Kg8 21.Ng6 Nxe4 22.Bxe4 Rf6
23.Bb1 Ne7 24.Nxe7+ Qxe7 25.d5 Bd7 26.dxe6 Bxe6 27.Qd3 g6 28.Ba2 Qf7 29.Bxe6 Rxe6
30.Rxe6 Qxe6 31.Qd2 Re8 32.h3 Kh7 33.Qd7+ Qe7 34.Qxe7+ Rxe7 35.Kf1 Kg7 36.Rd3 Kf6
37.f3 b5 38.b4 Re5 39.Kf2 Rd5 40.Rc3 Rd6 41.Ke3 Ke5 42.f4+ Ke6 43.g4 Kf6
44.Ke4 Ke7 45.f5 Kf6 46.fxg6 Kxg6 47.Ke5 Rf6 48.Rd3 Kg5 49.h4+ Kg6 50.Rd6 Rxd6
51.Kxd6  1-0